An iconography of Don Quixote (Record no. 7162)

MARC details
000 -CABECERA
campo de control de longitud fija 01034nam a2200277 a 4500
001 - NÚMERO DE CONTROL
campo de control BRCA_7487
005 - FECHA Y HORA DE LA ÚLTIMA TRANSACCIÓN
campo de control 20190320205845.0
008 - DATOS DE LONGITUD FIJA--INFORMACIÓN GENERAL
campo de control de longitud fija 260413s1895----enkac#####---#000-0#eng-#
041 ## - CÓDIGO DE LENGUA
Código de lengua del texto/banda sonora o título independiente eng
044 ## - CÓDIGO DEL PAÍS DE LA ENTIDAD EDITORA/PRODUCTORA
Código MARC del país enk
050 #4 - SIGNATURA TOPOGRÁFICA DE LA BIBLIOTECA DEL CONGRESO
Número de clasificación N7628
Número de documento/Ítem .A84 1895
100 1# - ENTRADA PRINCIPAL--NOMBRE DE PERSONA
Nombre de persona Ashbee, H. S.
9 (RLIN) 18436
245 10 - MENCIÓN DE TÍTULO
Título An iconography of Don Quixote
Resto del título 1605-1895
Mención de responsabilidad, etc. by H. S. Ashbee.
260 ## - PUBLICACIÓN, DISTRIBUCIÓN, ETC.
Lugar de publicación, distribución, etc. Londres
Nombre del editor, distribuidor, etc. H. S. Ashbee
Fecha de publicación, distribución, etc. 1895
300 ## - DESCRIPCIÓN FÍSICA
Extensión xi, 202 p.
Otras características físicas il., 23 láminas, retratos
Dimensiones 27 cm.
440 #0 - MENCIÓN DE SERIE/PUNTO DE ACCESO ADICIONAL--TÍTULO
Título Bibliographical Society. Illustrated monographs
Designación de volumen o secuencia 3
9 (RLIN) 18437
500 ## - NOTA GENERAL
Nota general Tres ejemplares iguales inventariados por el Banco de México como un solo libro
500 ## - NOTA GENERAL
Nota general Incluye índice de pinturas e índice de ediciones
500 ## - NOTA GENERAL
Nota general Ejemplar 3 con Ex-libris de H. S. Ashbee
500 ## - NOTA GENERAL
Nota general Estado físico: ejemplar 2 con tapas desprendidas sujetadas por un lazo
500 ## - NOTA GENERAL
Nota general R17
504 ## - NOTA DE BIBLIOGRAFÍA, ETC.
Nota de bibliografía, etc. Bibliografía p. 172-177
600 14 - PUNTO DE ACCESO ADICIONAL DE MATERIA--NOMBRE DE PERSONA
Nombre de persona Cervantes Saavedra, Miguel de
Fechas asociadas al nombre 1547-1616
Título de la obra Don Quijote
Subdivisión de forma Retratos y grabados
9 (RLIN) 18438
902 ## - CATALOGADOR
Iniciales GFM
942 ## - ELEMENTOS DE PUNTO DE ACCESO ADICIONAL (KOHA)
Fuente del sistema de clasificación o colocación Library of Congress Classification
Tipo de ítem Koha Libros
Holdings
Estado de retiro Estado de pérdida Estado dañado No para préstamo Localización permanente Ubicación/localización actual Fecha de adquisición Número de inventario Total de préstamos Signatura topográfica completa Código de barras Fecha visto por última vez Precio válido a partir de Tipo de ítem Koha
El ejemplar forma parte de la colección y puede ser consultado según las políticas vigentes.       Biblioteca del Museo Franz Mayer (Rogerio Casas-Alatriste) Biblioteca del Museo Franz Mayer (Rogerio Casas-Alatriste) 26/04/2013 R17   N7628 .A84 1895 (R17) 8091 22/03/2019 22/03/2019 Libros